| 000 | 00627nam a22002177a 4500 | ||
|---|---|---|---|
| 999 |
_c6358 _d6358 |
||
| 003 | OSt | ||
| 005 | 20191025121009.0 | ||
| 008 | 191025b ||||| |||| 00| 0 eng d | ||
| 020 | _a0435667475 | ||
| 040 | _cDDC | ||
| 082 | _a546 RAW 1974 | ||
| 100 |
_aRawcliffe, C.T.; Rawson D.H. _912996 |
||
| 245 | _aPrinciples of Inorganic and Theoretical Chemistry | ||
| 250 | _a2nd ed. | ||
| 260 |
_aLondon; _bHeinemann Educational Books, _c19974 |
||
| 300 |
_aix,477p; _bIll: _c25cm |
||
| 504 | _aBibliography & index included | ||
| 650 |
_aInorganic chemistry _9799 |
||
| 650 |
_aTheoretical chemistry _912997 |
||
| 942 |
_2ddc _cB_BANK |
||